|
|
|
|
| LEADER |
00646nab a2200181 i 4500 |
| 001 |
acta2092 |
| 005 |
20210218081039.0 |
| 008 |
161015s1987 hu o 0|| hun d |
| 022 |
|
|
|a 1219-6762
|
| 040 |
|
|
|a SZTE Egyetemi Kiadványok Repozitórium
|b hun
|
| 041 |
|
|
|a hun
|
| 100 |
1 |
|
|a Andrássy Adél
|
| 245 |
1 |
0 |
|a Kísérlet a földek értékelésére
|h [elektronikus dokumentum] /
|c Andrássy Adél
|
| 260 |
|
|
|c 1987
|
| 300 |
|
|
|a 3-13
|
| 490 |
0 |
|
|a Acta Universitatis Szegediensis de Attila József nominatae : Acta oeconomica
|v 24
|
| 695 |
|
|
|a Közgazdaságtudomány
|
| 856 |
4 |
0 |
|u http://acta.bibl.u-szeged.hu/2092/1/polgazd_024_003-013.pdf
|z Dokumentum-elérés
|